000
00308nam a22001337a 4500
008
171025b xxu||||| |||| 00| 0 eng d
020
_a
9781118541524
041
_a
eng
080
_a
336.2
100
_a
55
101
_a
STA
245
_a
TAXATION FOR UNIVERSITIES AND COLLEGE
_c
HOFFMAM,S
942
_2
udc
_c
BK
999
_c
35850
_d
35850